Toponyma v české, chorvatské a bulharské frazeologii

Titel: Toponyma v české, chorvatské a bulharské frazeologii / Pavel Krejčí
Verfasser:
Ausgabe: Vydání první
Veröffentlicht: Brno : Masarykova univerzita, 2022
Umfang: 251 Seiten : 1 Karte, Diagramme ; 23 cm
Format: Buch
Sprache: Tschechisch
Schriftenreihe/
mehrbändiges Werk:
Opera Facultatis philosophicae Universitatis Masarykianae ; 520 Spisy Filozofické fakulty Masarykovy univerzity
RVK-Notation:
Schlagworte:
ISBN: 9788028001339
Buchumschlag
X
alg: 50776461
001A    $03004:15-05-23 
001B    $01999:10-12-24 $t07:50:40.000 
001D    $03004:05-07-23 
001U    $0utf8 
001X    $00 
002@    $0Aau 
002C    $aText $btxt $2rdacontent 
002D    $aohne Hilfsmittel zu benutzen $bn $2rdamedia 
002E    $aBand $bnc $2rdacarrier 
003@    $0507764617 
004A    $A978-80-280-0133-9 
006C    $01374571229 $aOCoLC 
007A    $0BV048829667 $aBVB 
007G    $0DE020ED51E837AE52482BC12589E5003A07A6 
009P    $qapplication/pdf $A2 $3Inhaltsverzeichnis $uhttp://scans.hebis.de/HEBCGI/show.pl?50776461_toc.pdf $mV:DE-603;B:DE-Mb50 
009P    $qapplication/pdf $A2 $3Abstract $uhttp://scans.hebis.de/HEBCGI/show.pl?50776461_sum.pdf $mV:DE-603;B:DE-Mb50 
009P    $qapplication/pdf $A2 $3Cover $uhttp://scans.hebis.de/HEBCGI/show.pl?50776461_cov.pdf $mV:DE-603;B:DE-Mb50 
009P    $qapplication/pdf $A2 $3Buch Bibliographie $uhttp://scans.hebis.de/HEBCGI/show.pl?50776461_bib.pdf $mV:DE-603;B:DE-Mb50 
010@    $acze 
010E    $erda 
011@    $a2022 $n2022 
021A    $aToponyma v české, chorvatské a bulharské frazeologii $hPavel Krejčí 
027A    $aToponyms in Czech, Croatian and Bulgarian phraseology 
028A    $BVerfasser $4aut $7111313268X $8Krejčí, Pavel$Z1971- [Tp3] $9386654646 
032@    $aVydání první 
033A    $pBrno $nMasarykova univerzita 
034D    $a251 Seiten 
034I    $a23 cm 
034M    $a1 Karte, Diagramme 
036E    $aOpera Facultatis philosophicae Universitatis Masarykianae $l520 Spisy Filozofické fakulty Masarykovy univerzity 
037A    $aLiteraturverzeichnis Seite 221-244 
044A    $afrazeologie / slovanské země $S#0 $N653 
044A    $ageografická jména $S#0 $N653 
044A    $ačeština $S#0 $N653 
044A    $achorvatština $S#0 $N653 
044A    $abulharština $S#0 $N653 
044A    $aphraseology / Slavic countries $S#0 $N653 
044A    $ageographical names $S#0 $N653 
044A    $aCzech language $S#0 $N653 
044A    $aCroatian language $S#0 $N653 
044A    $aBulgarian language $S#0 $N653 
044A    $amonografie $S#6 $N653 
044A    $amonographs $S#6 $N653 
044K    $RWestslawische Sprachen $#Tschechische Sprache $74061084-6 $8Tschechisch [Ts1] $9085169617 
044K    $RSüdslawische Sprachen $RSerbokroatisch $#Croatian language $#Croate (langue) $#Lingua croata $#Lengua croata $#Dalmatinisch Kroatisch $#Slawonisch $74033245-7 $8Kroatisch [Ts1] $9085088838 
044K    $RSüdslawische Sprachen $#Bulgarian language $#Bulgare (langue) $#Lingua bulgara $#Lengua búlgara $#Bulgarische Sprache $74120165-6 $8Bulgarisch [Ts1] $9085382213 
044K    $RGeografischer Name $#Toponymy $#Toponymie $#Historischer Ortsname $#Siedlungsname $#Toponym $#Toponymikon $#Ortsnamen $74043950-1 $8Ortsname [Ts1] $9085122882 
045F    $a417.70943710905 $eDDC23BSB 
045F/01 $a417.7 
045F/03 $f0905 
045F/03 $g4371 
045F/03 $g499 
045F/03 $g4972 
045Z    $8KD 2700 [Tkv] $9409137987 
045Z    $8KR 2345 [Tkv] $940930848X 
045Z    $8KV 1905 [Tkv] $9409355623 
045Z    $8KY 1395 [Tkv] $9409407461 
046L    $aTeilweise bulgarischer und kroatischer Text, englische Zusammenfassung 

lok: 50776461 24

exp: 50776461 24 1 #EPN
201B/01 $005-07-23 $t14:51:43.000 
201C/01 $015-05-23 
201U/01 $0utf8 
203@/01 $01234210592 
208@/01 $a05-07-23 $bz 
209A/01 $a23.01589 $du $f050 $h23 01589 $x00 
209C/01 $a23.01589 T $h23 01589 T 
209G/01 $a74776639 $x00 
220C/01 $akon 
247C/01 $8358050-7 Marburg, Bibliothek des Herder-Instituts Marburg $9102600961
LEADER 00000cam a2200000 c 4500
001 507764617
003 DE-603
005 20241210075040.0
007 tu
008 230515s2022 xx |||| | u00||u|cze c
020 |a 9788028001339 
035 |a (DE-599)BVBBV048829667 
040 |a DE-603  |b ger  |c DE-603  |d DE-603  |e rda 
041 |a cze 
082 0 4 |8 1\u  |a 417.70943710905  |q DE-101  |2 23/BSB 
084 |a KD 2700  |0 (DE-625)72095:  |0 (DE-603)409137987  |2 rvk 
084 |a KR 2345  |0 (DE-625)83386:  |0 (DE-603)40930848X  |2 rvk 
084 |a KV 1905  |0 (DE-625)86014:  |0 (DE-603)409355623  |2 rvk 
084 |a KY 1395  |0 (DE-625)88712:  |0 (DE-603)409407461  |2 rvk 
085 |8 1\u  |b 417.7 
085 |8 1\u  |z 1  |s 0905 
085 |8 1\u  |z 2  |s 4371 
085 |8 1\u  |z 2  |s 499 
085 |8 1\u  |z 2  |s 4972 
100 1 |a Krejčí, Pavel  |d 1971-  |e Verfasser  |4 aut  |0 (DE-603)386654646  |0 (DE-588)111313268X  |2 gnd 
245 0 0 |a Toponyma v české, chorvatské a bulharské frazeologii  |c Pavel Krejčí 
246 1 3 |a Toponyms in Czech, Croatian and Bulgarian phraseology 
250 |a Vydání první 
264 1 |a Brno  |b Masarykova univerzita  |c 2022 
300 |a 251 Seiten  |b 1 Karte, Diagramme  |c 23 cm 
336 |a Text  |b txt  |2 rdacontent 
337 |a ohne Hilfsmittel zu benutzen  |b n  |2 rdamedia 
338 |a Band  |b nc  |2 rdacarrier 
490 0 |a Opera Facultatis philosophicae Universitatis Masarykianae  |v 520 Spisy Filozofické fakulty Masarykovy univerzity 
500 |a Literaturverzeichnis Seite 221-244 
546 |a Teilweise bulgarischer und kroatischer Text, englische Zusammenfassung 
650 7 |a Tschechisch  |0 (DE-588)4061084-6  |0 (DE-603)085169617  |2 gnd 
650 7 |a Kroatisch  |0 (DE-588)4033245-7  |0 (DE-603)085088838  |2 gnd 
650 7 |a Bulgarisch  |0 (DE-588)4120165-6  |0 (DE-603)085382213  |2 gnd 
650 7 |a Ortsname  |0 (DE-588)4043950-1  |0 (DE-603)085122882  |2 gnd 
856 4 2 |m V:DE-603;B:DE-Mb50  |q application/pdf  |u http://scans.hebis.de/HEBCGI/show.pl?50776461_toc.pdf  |3 Inhaltsverzeichnis 
856 4 2 |m V:DE-603;B:DE-Mb50  |q application/pdf  |u http://scans.hebis.de/HEBCGI/show.pl?50776461_sum.pdf  |3 Abstract 
856 4 2 |m V:DE-603;B:DE-Mb50  |q application/pdf  |u http://scans.hebis.de/HEBCGI/show.pl?50776461_cov.pdf  |3 Cover 
856 4 2 |m V:DE-603;B:DE-Mb50  |q application/pdf  |u http://scans.hebis.de/HEBCGI/show.pl?50776461_bib.pdf  |3 Buch Bibliographie 
924 0 |9 Mb 50  |a (DE-603)1234210592  |b DE-Mb50  |c HES  |d c  |g 23.01589